التجارة الخارجية / (رقم التسجيلة. 17805)

تفاصيل مارك
000 -LEADER
fixed length control field 00590nam a22002057a 4500
005 - DATE AND TIME OF LATEST TRANSACTION
control field 20251108164931.0
008 - FIXED-LENGTH DATA ELEMENTS--GENERAL INFORMATION
fixed length control field 250721s2001 xx 000 0 ara d
082 14 - DEWEY DECIMAL CLASSIFICATION NUMBER
Classification number 382.3/تجا
100 1# - MAIN ENTRY--PERSONAL NAME
Personal name مطر، موسى
245 10 - TITLE STATEMENT
Title التجارة الخارجية /
264 1# - PRODUCTION, PUBLICATION, DISTRIBUTION, MANUFACTURE, AND COPYRIGHT NOTICE
Place of production, publication, distribution, manufacture عمان :
Name of producer, publisher, distributor, manufacturer دار صفاء،
Date of production, publication, distribution, manufacture, or copyright notice 2001.
300 ## - PHYSICAL DESCRIPTION
Extent 200ص
650 17 - SUBJECT ADDED ENTRY--TOPICAL TERM
Topical term or geographic name as entry element التجارة الخارجية
650 17 - SUBJECT ADDED ENTRY--TOPICAL TERM
Topical term or geographic name as entry element التجارة الدولية
650 17 - SUBJECT ADDED ENTRY--TOPICAL TERM
Topical term or geographic name as entry element السياسة التجارية
700 1# - ADDED ENTRY--PERSONAL NAME
Personal name اللوزي، باسم
700 1# - ADDED ENTRY--PERSONAL NAME
Personal name داود، حسام
942 ## - ADDED ENTRY ELEMENTS (KOHA)
Source of classification or shelving scheme Dewey Decimal Classification
Koha item type كتب
المقتنيات
حالة السحب حالة الفقدان مصدر التصنيف حالة التلف غير قابل للإعارة المكتبة الرئيسية المكتبة الحالية موقع الرف تاريخ التزويد الرقم المتسلسل Total Checkouts رقم الإستدعاء الباركود تاريخ آخر ظهور تاريخ الفاتورة نوع المادة (كوها)
    Dewey Decimal Classification     المكتبة المركزية المكتبة المركزية الإعارة 06/07/2004 448915   382.3/تجا 448915 28/07/2025 06/07/2004 كتب
Withdrawn   Dewey Decimal Classification     المكتبة المركزية المكتبة المركزية الإعارة 31/08/2021 1745690   382.3/تجا PLD00491715 28/07/2025 31/08/2021 كتب
    Dewey Decimal Classification     مكتبة أم قصير والمقابلين العامة مكتبة أم قصير والمقابلين العامة الإعارة 06/07/2004 448930   382.3/تجا 448930 28/07/2025 06/07/2004 كتب
    Dewey Decimal Classification     مكتبة النصر العامة مكتبة النصر العامة الإعارة 15/03/2015 448933   382.3/تجا PLD00377544 28/07/2025 15/03/2015 كتب
Implemented & Customized by: BBB with SCIT (Smart Chains for Information Technology)

Powered by Koha